I 10 comuni più popolosi dell'Umbria - Statistics

Statistiche generali
  • Questo quiz è stato fatto 62 volte
  • Il punteggio medio è 8 su 10
Statistiche sulle risposte
POPOLAZIONE COMUNE % Corretto
162.157 Perugia
100%
106.677 Terni
100%
27.549 Assisi
90%
30.358 Gubbio
85%
55.296 Foligno
81%
19.367 Orvieto
81%
36.186 Spoleto
81%
38.195 Città di Castello
69%
21.311 Bastia Umbra
46%
21.597 Corciano
38%
Nessun quiz corrispondente trovato
Distribuzione punteggi
Percentuale di utenti per punteggio
Percentile per numero di risposta
I tuoi punteggi nel tempo
Non hai fatto questo quiz